Matemáticas financieras/ (Registro nro. 7869)
[ vista simple ]
| 000 -LEADER | |
|---|---|
| fixed length control field | 01114nam a2200205Ia 4500 |
| 005 - FECHA Y HORA DE LA ÚLTIMA TRANSACCIÓN | |
| control field | 20230425091210.0 |
| 008 - FIXED-LENGTH DATA ELEMENTS--GENERAL INFORMATION | |
| fixed length control field | 230418s9999 xx 000 0 und d |
| 020 ## - INTERNATIONAL STANDARD BOOK NUMBER | |
| International Standard Book Number | 958-41-0362-8 |
| 040 ## - CATALOGING SOURCE | |
| Original cataloging agency | UPAN |
| Transcribing agency | Biblioteca San Vicente |
| Description conventions | RCAA2 |
| 041 ## - LANGUAGE CODE | |
| Language code of text/sound track or separate title | spa |
| 082 ## - DEWEY DECIMAL CLASSIFICATION NUMBER | |
| Classification number | 332.8 |
| Item number | A483m |
| 100 ## - MAIN ENTRY--PERSONAL NAME | |
| Personal name | Alvarez Arango, Alberto |
| Relator code | aut. |
| 245 #0 - TITLE STATEMENT | |
| Title | Matemáticas financieras/ |
| Statement of responsibility, etc | Alberto Alvarez Arango |
| 250 ## - EDITION STATEMENT | |
| Edition statement | 3ª ed. |
| 260 ## - PUBLICATION, DISTRIBUTION, ETC. (IMPRINT) | |
| Place of publication, distribution, etc | Colombia: |
| Name of publisher, distributor, etc | McGraw Hill, |
| Date of publication, distribution, etc | 2005 |
| 300 ## - PHYSICAL DESCRIPTION | |
| Extent | 488 p.; |
| Dimensions | 24 cm. |
| 505 ## - FORMATTED CONTENTS NOTE | |
| Formatted contents note | Capitulo 1:Interes<br/>Capitulo 2: Principios de equivalencia versus descuentos y vencimientos<br/>Capitulo 3: Tasas de interés: nominal y efectiva. Rentabilidad<br/>Capitulo 4: Anualidades y capitalización continua <br/>Capitulo 5: Gradiente<br/>Capitulo 6: Amortizaciones. Transición del sistema UPAC al sistema URV<br/>Capitulo 7: Valor presente neto y costo anual uniforme equivalente<br/>Capitulo 8: Evaluación financiera de alternativas de inversión<br/>Capitulo 9:Tasa interna de retorno<br/>Capitulo 10: Bonos<br/>Capitulo 11: Activos financieros y bolsa de valores |
| 650 ## - SUBJECT ADDED ENTRY--TOPICAL TERM | |
| Source of heading or term | LEMB |
| General subdivision | Matemática financiera |
| 942 ## - ADDED ENTRY ELEMENTS (KOHA) | |
| Koha item type | Libros |
| Source of classification or shelving scheme | Dewey Decimal Classification |
| Withdrawn status | Lost status | Source of classification or shelving scheme | Damaged status | Not for loan | Collection code | Home library | Current library | Date acquired | Total Checkouts | Full call number | Barcode | Date last seen | Price effective from | Koha item type | Copy number |
|---|---|---|---|---|---|---|---|---|---|---|---|---|---|---|---|
| Dewey Decimal Classification | Colección General | Biblioteca UPAN San Vicente | Biblioteca UPAN San Vicente | 18/04/2023 | 332.8 A483m | 12002713 | 18/04/2023 | 18/04/2023 | Libros | ||||||
| Dewey Decimal Classification | Colección General | Biblioteca UPAN San Vicente | Biblioteca UPAN San Vicente | 25/04/2023 | 332.8 A483m | 12002714 | 25/04/2023 | 25/04/2023 | Libros | 01 | |||||
| Dewey Decimal Classification | Colección General | Biblioteca UPAN San Vicente | Biblioteca UPAN San Vicente | 25/04/2023 | 332.8 A483m | 12002715 | 25/04/2023 | 25/04/2023 | Libros | 02 |